000 00444nam a2200181Ia 4500
001 2971
005 20260306144846.0
008 260306t2006||||xx |||||||||||||| ||spa||
041 _aESP
082 _a237
_bM42
100 _aMenke, Karl-Heinz
_eAUT
245 0 _aTeología de la gracia:
_bel criterio del ser cristiano
260 _c2006
300 _a302 páginas :
_c21 cm.
650 _aGEN
654 _aCHU
942 _cLIB
_dJUS
_fJUS
_2ddc
_n
999 _c2971
_d2971